E-Commerce 2010: Business. Technology. Society / (Record no. 2465)

000 -LEADER
fixed length control field 01249cam a22003495a 4500
001 - CONTROL NUMBER
control field 16745393
003 - CONTROL NUMBER IDENTIFIER
control field OSt
005 - DATE AND TIME OF LATEST TRANSACTION
control field 20160725113825.0
008 - FIXED-LENGTH DATA ELEMENTS--GENERAL INFORMATION
fixed length control field 110421s2010 njua b 001 0 eng
010 ## - LIBRARY OF CONGRESS CONTROL NUMBER
LC control number 2011410098
015 ## - NATIONAL BIBLIOGRAPHY NUMBER
National bibliography number GBB085838
Source bnb
016 7# - NATIONAL BIBLIOGRAPHIC AGENCY CONTROL NUMBER
Record control number 015605396
Source Uk
020 ## - INTERNATIONAL STANDARD BOOK NUMBER
International Standard Book Number 9780135090787
020 ## - INTERNATIONAL STANDARD BOOK NUMBER
International Standard Book Number 0136091199 (hbk.)
035 ## - SYSTEM CONTROL NUMBER
System control number (OCoLC)ocn649801063
040 ## - CATALOGING SOURCE
Original cataloging agency UKM
Transcribing agency UKM
Modifying agency YDXCP
-- COO
-- DLC
042 ## - AUTHENTICATION CODE
Authentication code lccopycat
050 ## - LIBRARY OF CONGRESS CALL NUMBER
Classification number HF5548.32.L38 2010
100 1# - MAIN ENTRY--PERSONAL NAME
Personal name Laudon, Kenneth C.,
Dates associated with a name 1944-
245 10 - TITLE STATEMENT
Title E-Commerce 2010: Business. Technology. Society /
Statement of responsibility, etc by Kenneth Laudon, Carol Guercio Traver.
250 ## - EDITION STATEMENT
Edition statement Sixth Edition
260 ## - PUBLICATION, DISTRIBUTION, ETC. (IMPRINT)
Place of publication, distribution, etc Upper Saddle River, N.J. :
Name of publisher, distributor, etc Prentice Hall ;
Place of publication, distribution, etc London :
Name of publisher, distributor, etc Pearson Education
Date of publication, distribution, etc c2010.
300 ## - PHYSICAL DESCRIPTION
Extent xxxvi, 812 p. :
Other physical details ill. ;
Dimensions 26 cm.
504 ## - BIBLIOGRAPHY, ETC. NOTE
Bibliography, etc Includes bibliographical references and index.
650 #0 - SUBJECT ADDED ENTRY--TOPICAL TERM
Topical term or geographic name as entry element Electronic commerce.
650 #0 - SUBJECT ADDED ENTRY--TOPICAL TERM
Topical term or geographic name as entry element Internet marketing.
650 #0 - SUBJECT ADDED ENTRY--TOPICAL TERM
Topical term or geographic name as entry element Information technology.
700 1# - ADDED ENTRY--PERSONAL NAME
Personal name Traver, Carol Guercio.
906 ## - LOCAL DATA ELEMENT F, LDF (RLIN)
a 0
b ibc
c copycat
d 2
e ncip
f 20
g y-gencatlg
942 ## - ADDED ENTRY ELEMENTS (KOHA)
Source of classification or shelving scheme
Koha item type Book
Holdings
Withdrawn status Lost status Source of classification or shelving scheme Damaged status Not for loan Home library Current library Shelving location Date acquired Total Checkouts Full call number Barcode Date last seen Copy number Price effective from Koha item type
          Riara University Library Riara University Library General stack 25/07/2016   HF5548.32.L38 2010 7292/16 25/07/2016 C.1 25/07/2016 Book

Riara University Library,
P.O. Box 49940-00100,
Nairobi, Kenya.